000 00656nam a2200277Ia 4500
005 20260324134010.0
008 008 260324s9999 xx 000 0 eng d
020 _a9780429294952
037 _aEBOOK
040 _aCRL
040 _beng
040 _cCRL
041 _2eng
041 _aeng
084 _qCRL
100 _aErik Reinhard; Alan Chalmers; Tim Davis
_91195188
245 0 _aPractical Parallel Rendering
260 _bTaylor and Francis
260 _c2002
365 _a
365 _b290
856 _uhttp://www.taylorfrancis.com/books/9780429294952
942 _cEBOOK
999 _c1794802
_d1794802